<?xml version="1.0" encoding="UTF-8"?><?xml-stylesheet type="text/xsl" href="static/style.xsl"?><OAI-PMH xmlns="http://www.openarchives.org/OAI/2.0/" xmlns:xsi="http://www.w3.org/2001/XMLSchema-instance" xsi:schemaLocation="http://www.openarchives.org/OAI/2.0/ http://www.openarchives.org/OAI/2.0/OAI-PMH.xsd"><responseDate>2026-04-27T13:08:49Z</responseDate><request verb="GetRecord" identifier="oai:uvadoc.uva.es:10324/6472" metadataPrefix="marc">https://uvadoc.uva.es/oai/request</request><GetRecord><record><header><identifier>oai:uvadoc.uva.es:10324/6472</identifier><datestamp>2025-02-19T08:12:16Z</datestamp><setSpec>com_10324_1133</setSpec><setSpec>com_10324_931</setSpec><setSpec>com_10324_894</setSpec><setSpec>col_10324_1209</setSpec></header><metadata><record xmlns="http://www.loc.gov/MARC21/slim" xmlns:doc="http://www.lyncode.com/xoai" xmlns:xsi="http://www.w3.org/2001/XMLSchema-instance" xmlns:dcterms="http://purl.org/dc/terms/" xsi:schemaLocation="http://www.loc.gov/MARC21/slim http://www.loc.gov/standards/marcxml/schema/MARC21slim.xsd">
<leader>00925njm 22002777a 4500</leader>
<datafield tag="042" ind1=" " ind2=" ">
<subfield code="a">dc</subfield>
</datafield>
<datafield tag="720" ind1=" " ind2=" ">
<subfield code="a">Martínez García, María del Carmen</subfield>
<subfield code="e">author</subfield>
</datafield>
<datafield tag="720" ind1=" " ind2=" ">
<subfield code="a">Mar Sardaña, Santiago</subfield>
<subfield code="e">author</subfield>
</datafield>
<datafield tag="720" ind1=" " ind2=" ">
<subfield code="a">Blanco Mezquita, José Tomás</subfield>
<subfield code="e">author</subfield>
</datafield>
<datafield tag="720" ind1=" " ind2=" ">
<subfield code="a">Torres, R.M.</subfield>
<subfield code="e">author</subfield>
</datafield>
<datafield tag="720" ind1=" " ind2=" ">
<subfield code="a">Merayo Lloves, Jesús</subfield>
<subfield code="e">author</subfield>
</datafield>
<datafield tag="260" ind1=" " ind2=" ">
<subfield code="c">2009</subfield>
</datafield>
<datafield tag="520" ind1=" " ind2=" ">
<subfield code="a">The aim of this work is to provide experimental data for corneal transparency and scattering to help create&#xd;
a more complete model of corneal transparency. The scattered light in 96 healing hen corneas was measured&#xd;
for three wavelengths by a scatterometer constructed in the Optics Laboratory (The University of Valladolid,&#xd;
Spain). With the help of mirrors and beamsplitters, the light from the three lasers is directed toward the cell&#xd;
containing the sample to be measured. The measured scattered light varies between six orders of magnitude.&#xd;
Corneal transmissivity, mean cosine of a scattering angle, and angular distribution of scattered light were all&#xd;
computed. The total transmitted light remained practically constant over a wide range of light values&#xd;
transmitted in a forward direction (direct transmissivity). The value of the mean cosine of the scattering&#xd;
direction is very close to the unit (g40:98), even in corneas with high opacities. The behavior of g indicates&#xd;
that even damaged corneas evidence extremely small scattering, compared to other biological tissues.&#xd;
The transmission reduction of each cornea is related to an increase in scattered light. In all cases, scattered&#xd;
light is concentrated at very small angles. This behavior is acceptable in corneas that are healthy or which&#xd;
evidence small lesions, but remains in corneas that are severely injured.</subfield>
</datafield>
<datafield tag="024" ind2=" " ind1="8">
<subfield code="a">Journal of Modern Optics, May 2009, vol. 56, n.8. p.1014-1021</subfield>
</datafield>
<datafield tag="024" ind2=" " ind1="8">
<subfield code="a">0950-0340</subfield>
</datafield>
<datafield tag="024" ind2=" " ind1="8">
<subfield code="a">http://uvadoc.uva.es/handle/10324/6472</subfield>
</datafield>
<datafield tag="024" ind2=" " ind1="8">
<subfield code="a">10.1080/09500340902871389</subfield>
</datafield>
<datafield tag="024" ind2=" " ind1="8">
<subfield code="a">1014</subfield>
</datafield>
<datafield tag="024" ind2=" " ind1="8">
<subfield code="a">8</subfield>
</datafield>
<datafield tag="024" ind2=" " ind1="8">
<subfield code="a">1021</subfield>
</datafield>
<datafield tag="024" ind2=" " ind1="8">
<subfield code="a">Journal of Modern Optics</subfield>
</datafield>
<datafield tag="024" ind2=" " ind1="8">
<subfield code="a">56</subfield>
</datafield>
<datafield ind1=" " ind2=" " tag="653">
<subfield code="a">Cirugía refractiva</subfield>
</datafield>
<datafield ind1=" " ind2=" " tag="653">
<subfield code="a">Cornea - Enfermedades</subfield>
</datafield>
<datafield tag="245" ind1="0" ind2="0">
<subfield code="a">Measurement of correlation between transmission and scattering during wound healing in hen corneas</subfield>
</datafield>
</record></metadata></record></GetRecord></OAI-PMH>